The rough guide to the Da Vinci code (Record no. 9226)
[ view plain ]
| 000 -LEADER | |
|---|---|
| fixed length control field | 00713nam a22001817a 4500 |
| 005 - DATE AND TIME OF LATEST TRANSACTION | |
| control field | 20091023112757.0 |
| 008 - FIXED-LENGTH DATA ELEMENTS--GENERAL INFORMATION | |
| fixed length control field | 091023t xxu||||| |||| 00| 0 eng d |
| 020 ## - INTERNATIONAL STANDARD BOOK NUMBER | |
| International Standard Book Number | 1-84353-517-3 |
| 080 ## - UNIVERSAL DECIMAL CLASSIFICATION NUMBER | |
| Universal Decimal Classification number | 820-31(036) |
| Item number | HAA |
| 100 ## - MAIN ENTRY--PERSONAL NAME | |
| Personal name | Haag, Michael |
| 245 ## - TITLE STATEMENT | |
| Title | The rough guide to the Da Vinci code: |
| Remainder of title | an unauthorised guide:history, legends locations |
| 260 ## - PUBLICATION, DISTRIBUTION, ETC. (IMPRINT) | |
| Place of publication, distribution, etc | London |
| Name of publisher, distributor, etc | Rough Guides Ltd |
| Date of publication, distribution, etc | 2004 |
| 300 ## - PHYSICAL DESCRIPTION | |
| Extent | 256p. |
| 653 ## - INDEX TERM--UNCONTROLLED | |
| Uncontrolled term | Fiction-English Literature |
| -- | Da Vinci Code-Guide |
| -- | Cryptography-literature |
| -- | Jesus Christ-literature |
| 700 ## - ADDED ENTRY--PERSONAL NAME | |
| Personal name | Veronica Haag |
| 942 ## - ADDED ENTRY ELEMENTS (KOHA) | |
| item type | Books |
| 260 ## - PUBLICATION, DISTRIBUTION, ETC. (IMPRINT) | |
| -- | 8171 |
| Lost status | Source of classification or shelving scheme | Not for loan | Home library | Current library | Date acquired | Total Checkouts | Full call number | Barcode | Date last seen | Price effective from | Koha item type |
|---|---|---|---|---|---|---|---|---|---|---|---|
| Universal Decimal Classification | University Library | University Library | 23/10/2009 | 820-31(036) HAA | 00055652 | 23/10/2009 | 23/10/2009 | Books |
